| 000 | 00641nam a2200205 a 4500 | ||
|---|---|---|---|
| 005 | 20240921063851.0 | ||
| 008 | 081112s2005 mx r 000 0 spa d | ||
| 020 | _a9707560231 | ||
| 035 | _aUPN01000167957 | ||
| 049 | _aI | ||
| 050 | 4 |
_aDT83 _bG3.3 |
|
| 100 | 1 |
_aGaneri, Anita, _d1961- _933204 |
|
| 245 | 1 | 0 |
_aFaraones y embalsamadores / _cAnita Ganeri ; tr. Gabriela Villarino Rojo. |
| 260 |
_aMéxico : _bCorreo del Maestro : _bLa Vasija, _cc2005. |
||
| 300 |
_a[30] p. : _bil. col. |
||
| 440 | 0 | _aGajes del oficio | |
| 651 | 4 |
_aEGIPTO - _xHISTORIA - _vLITERATURA INFANTIL _911373 |
|
| 650 | 2 |
_aArtes y oficios _92772 |
|
| 905 | _aInfantil | ||
| 999 |
_c140066 _d140066 |
||